Statistics for Random European Football clues: A-Z

Click here to take the quiz!

General Stats

  • This quiz has been taken 39 times
  • The average score is 12 of 26

Answer Stats

HintAnswer% Correct
Cruyff clubAjax
100%
Stamford BridgeChelsea
100%
FranzBeckenbauer
69%
442 Barca appearancesIniesta
66%
Old LadyJuventus
66%
West London teamQueens Park Rangers
66%
PuskasHungary
57%
Polish ChampionsLegia Warsaw
51%
PavelNedved
51%
Top Netherlands scorerVan Persie
51%
Austrian league champsSalzburg
49%
Plays for Qatari club Al Sadd SC nowadays!Xavi
49%
Bern teamYoung Boys
49%
Frank LampardDerby
46%
Sheffield Wednesday nicknameOwls
46%
Dutch PremierEredivisie
40%
Won the World Cup for EnglandWest Ham
40%
Valncia's homeMestalla Stadium
29%
Polish GoalkeeperFabiański
26%
Stadio FriuliUdinese
26%
Greek cup holdersPAOK
23%
21 league and 17 domestic cupsGalatasaray
17%
Most capped FrenchmanThuram
17%
Krestovsky StadiumZenit Saint Petersburg
17%
Eager? Grumpy more like!Keane
6%
44 years at BarcelonaRexach
3%

Score Distribution

Percentile by Number Answered

Percent of People with Each Score

Your Score History

You have not taken this quiz